| 000 | 02595nam a2200565 i 4500 | ||
|---|---|---|---|
| 001 | 15312 | ||
| 003 | KOSZ 005 | ||
| 005 | 20200624114831.0 | ||
| 008 | 200409s1973 pl a f 000 0 pol | ||
| 015 | _aUWD 1973/6487 | ||
| 035 | _a991034427539705066 | ||
| 035 | _a(PL-WaBN)b19207414-48omnis_nlop | ||
| 035 | _ab19207414 | ||
| 035 | _a(OCoLC)838861629 | ||
| 035 | _a(PL)b0000001920741 | ||
| 035 | _a(EXLNZ-48OMNIS_NETWORK)9910315367105606 | ||
| 040 |
_aWA N _cWA N _dKOSZ 005/RW |
||
| 041 | 0 |
_apol _beng _brus |
|
| 046 | _k1973 | ||
| 080 | _a621.317 | ||
| 245 | 0 | 0 |
_aWybrane zagadnienia z badań i obliczeń maszyn elektrycznych = _bSelected problems of electrical machine investigations and calculations / _c[redaktor naczelny Marian Kloza ; redaktor naukowy Stanisław Szewczuk]. |
| 246 | 3 | 1 | _aSelected problems of electrical machine investigations and calculations |
| 260 |
_aWrocław : _bWydawnictwo Politechniki Wrocławskiej, _c1973. |
||
| 300 |
_a108 stron : _bilustracje ; _c24 cm. |
||
| 336 |
_aTekst _btxt _2rdacontent |
||
| 337 |
_aBez urządzenia posredniczącego _bn _2rdamedia |
||
| 338 |
_aWolumin _bnc _2rdacarrier |
||
| 380 | _aKsiążki | ||
| 380 | _aPublikacje naukowe | ||
| 388 | _a1901-2000 | ||
| 388 | _a1945-1989 | ||
| 490 | 1 |
_aPrace Naukowe Instytutu Układów Elektromaszynowych Politechniki Wrocławskiej. Przemysł, _x0137-6292 ; _vnr 5 |
|
| 490 | 1 |
_aPrace Naukowo-Techniczne Instytutu Układów Elektromaszynowych i Dolnośląskich Zakładów Wytwórczych Maszyn Elektrycznych Dolmel ; _vnr 2 |
|
| 500 | _aNumeracja serii głównej 13. | ||
| 504 | _aBibliografia przy rozdziałach. | ||
| 546 | _aStreszczenie w języku angielskim i rosyjskim. | ||
| 650 | 7 |
_aMaszyny elektryczne _2DBN |
|
| 650 | 7 | _aPomiary | |
| 655 | 7 | _aPraca zbiorowa | |
| 658 | _aInżynieria i technika | ||
| 700 | 1 |
_aKloza, Marian _eRedakcja |
|
| 700 | 1 |
_aSzewczuk, Stanisław _d(1913-1977) _eRedakcja |
|
| 710 | 2 |
_aOficyna Wydawnicza Politechniki Wrocławskiej _4pbl |
|
| 830 | 0 |
_aPrace Naukowe Instytutu Układów Elektromaszynowych Politechniki Wrocławskiej _vnr 13 |
|
| 830 | 0 |
_aPrace Naukowe Instytutu Układów Elektromaszynowych Politechniki Wrocławskiej. _pPrzemysł _vnr 5 |
|
| 830 | 0 |
_aPrace Naukowo-Techniczne Instytutu Układów Elektromaszynowych i Dolnośląskich Zakładów Wytwórczych Maszyn Elektrycznych Dolmel _vnr 2 |
|
| 856 |
_uhttp://koha.tu.koszalin.pl/cgi-bin/koha/opac-detail.pl?biblionumber=15312 _yKatalog online BPK |
||
| 942 |
_2UKD _cKS |
||
| 999 |
_c15312 _d15312 |
||